<?xml version="1.0" encoding="UTF-8"?><?xml-stylesheet type="text/xsl" href="static/style.xsl"?><OAI-PMH xmlns="http://www.openarchives.org/OAI/2.0/" xmlns:xsi="http://www.w3.org/2001/XMLSchema-instance" xsi:schemaLocation="http://www.openarchives.org/OAI/2.0/ http://www.openarchives.org/OAI/2.0/OAI-PMH.xsd"><responseDate>2026-04-13T00:09:07Z</responseDate><request verb="GetRecord" identifier="oai:www.recercat.cat:2117/78575" metadataPrefix="marc">https://recercat.cat/oai/request</request><GetRecord><record><header><identifier>oai:recercat.cat:2117/78575</identifier><datestamp>2025-07-17T16:14:35Z</datestamp><setSpec>com_2072_1033</setSpec><setSpec>col_2072_452951</setSpec></header><metadata><record xmlns="http://www.loc.gov/MARC21/slim" xmlns:dcterms="http://purl.org/dc/terms/" xmlns:xsi="http://www.w3.org/2001/XMLSchema-instance" xmlns:doc="http://www.lyncode.com/xoai" xsi:schemaLocation="http://www.loc.gov/MARC21/slim http://www.loc.gov/standards/marcxml/schema/MARC21slim.xsd">
   <leader>00925njm 22002777a 4500</leader>
   <datafield ind2=" " ind1=" " tag="042">
      <subfield code="a">dc</subfield>
   </datafield>
   <datafield ind2=" " ind1=" " tag="720">
      <subfield code="a">Sánchez Celma, Mireia</subfield>
      <subfield code="e">author</subfield>
   </datafield>
   <datafield ind2=" " ind1=" " tag="260">
      <subfield code="c">2015-06-09</subfield>
   </datafield>
   <datafield ind2=" " ind1=" " tag="520">
      <subfield code="a">Aquest projecte proposa un model d'avió medicalitzat per fer trasllats secundaris,&#xd;
per tal de transportar pacients que requereixen una assistència especial.&#xd;
En primer lloc s'exposa detalladament cadascun dels elements necessaris per&#xd;
dotar l'aeronau per al transport de pacients que no poden ser traslladats pel seu&#xd;
propi peu. A més, s'ha triat tot aquell material mèdic necessari pels diferents&#xd;
casos, sense oblidar que es tracta d'un espai reduït i davant d'un mitjà de&#xd;
transport que ja de per sí requereix unes condicions de seguretat concretes per&#xd;
al transport de persones en bon estat de salut.&#xd;
En segon lloc es presenten dos casos reals de trasllat de pacients des del lloc on&#xd;
van ser diagnosticats a causa d'un accident fins al seu país d'origen. S'ha fet un&#xd;
estudi comparatiu tant a nivell de temps d'atenció mèdica com a nivell econòmic&#xd;
dels mitjans de transport utilitzats per a transportar-los amb l'aeronau&#xd;
proposada. Els resultats presenten les avantatges que es poden obtenir&#xd;
especialment en el temps d’atenció mèdica amb la proposat feta en aquest&#xd;
projecte.</subfield>
   </datafield>
   <datafield tag="653" ind2=" " ind1=" ">
      <subfield code="a">Àrees temàtiques de la UPC::Ciències de la salut</subfield>
   </datafield>
   <datafield tag="653" ind2=" " ind1=" ">
      <subfield code="a">Aircraft</subfield>
   </datafield>
   <datafield tag="653" ind2=" " ind1=" ">
      <subfield code="a">Aeronaus</subfield>
   </datafield>
   <datafield tag="653" ind2=" " ind1=" ">
      <subfield code="a">Malalts</subfield>
   </datafield>
   <datafield ind2="0" ind1="0" tag="245">
      <subfield code="a">Estudi del disseny d'un avió medicalitzat</subfield>
   </datafield>
</record></metadata></record></GetRecord></OAI-PMH>